| 000 | 00780nam a2200217 i 4500 | ||
|---|---|---|---|
| 001 | 150273 | ||
| 003 | ES-MaACL | ||
| 005 | 20230906203438.0 | ||
| 007 | t| | ||
| 008 | 071029s1961 sp ||||1| spa d | ||
| 080 | _a84-293.7"19" | ||
| 100 | 1 |
_aVadim, Roger. _9112391 |
|
| 245 | 1 | 0 |
_aAmoríos peligrosos, 1960 : _badaptación cinematográfica actualizada de Les liaisons dangereuses, de Choderlos de Laclos / _cRoger Vadim ; [traducción por Carmela Davalillo]. |
| 260 |
_aBarcelona : _bDux, _c[1961] |
||
| 300 |
_a204 p., 8 h. de lám. ; _c24 cm. |
||
| 600 | 1 | 4 |
_aChoderlos de Laclos, Pierre-Ambroise-François. _938586 |
| 700 | 1 |
_aDavalillo, Carmela. _942850 |
|
| 740 | 4 | 2 | _aLas amistades peligrosas. |
| 740 | 4 | 2 | _aLes liaisons dangereuses. |
| 852 | 4 |
_aES-MaACL _jC-20391 |
|
| 999 |
_c150273 _d150273 |
||